| 000 | 01027nam a2200265Ia 4500 | ||
|---|---|---|---|
| 003 | OSt | ||
| 005 | 20220923211417.0 | ||
| 006 | a|||||r|||| 00| 0 | ||
| 007 | ta | ||
| 008 | 220922b |||||||| |||| 00| 0 san d | ||
| 020 |
_a97881911083422 (hbk) _c350 |
||
| 024 | _a262,629 | ||
| 037 |
_b413, 28/01/2012, Eastern Book Linkers _cTextual |
||
| 040 |
_aARTS _cARTS _bsan |
||
| 041 |
_2san _asan |
||
| 082 | _aV2:72, 152Q0 | ||
| 100 |
_aश्रीवास्तव, सुरेन्द्र लाल _9160396 |
||
| 245 | 0 | _aगुप्तोत्तर कालीन अभिलेख | |
| 246 | _aGuptottar kālīn abhilekha | ||
| 260 |
_aआजमगढ़ _b कृष्णा बुक्स पब्लिकेशन्स _c2010 |
||
| 300 |
_a214पृ0 _ccm. |
||
| 650 | _aविश्व-इतिहास | ||
| 942 |
_hV2:72, 152Q0 _cTEXL _2CC |
||
| 999 |
_c299202 _d299202 |
||